Statistics for North American Countries on Population/Area Chart

Click here to take the quiz!

General Stats

  • This quiz has been taken 9 times
  • The average score is 10 of 15

Answers on the Map

Answers color-coded by a green-red scale on the quiz's map according to % correct below.
 

Answer Stats

Answer% Correct
Canada
100%
Mexico
100%
United States
100%
Guatemala
89%
Nicaragua
89%
El Salvador
78%
Greenland
78%
Bahamas
56%
Bermuda
56%
Costa Rica
56%
Honduras
56%
Panama
56%
Belize
44%
St. Pierre and Miquelon
44%
Turks and Caicos Islands
44%

Score Distribution

Percentile by Number Answered

Percent of People with Each Score

Your Score History

You have not taken this quiz